00271nam a2200109Ia 4500003000400000008004100004100002300045245004900068260002800117300000800145650000800153OSt191201s2015 xx 000 0 und d aSURESH, Padmalatha 0aManagement of Banking and Financial Services aN. DelhibPearsonc2015 a683 aBBA